| 000 | 01668cam a22004694i 4500 | ||
|---|---|---|---|
| 003 | PE-LiUPU | ||
| 005 | 20250731173536.0 | ||
| 008 | 150616s1995 miu rb 000 0 eng d | ||
| 020 | _a0801028132 | ||
| 035 | _a(Sirsi) i9780801028137 | ||
| 040 |
_aPE-LiUPU _bspa _cPE-LiUPU _erda |
||
| 049 | _aPRUA | ||
| 082 | 0 | 4 |
_a220.68 _bD32 _221 |
| 100 | 1 |
_aDavis, John J., _eautor. |
|
| 245 | 1 | 0 | _aBiblical Numerology. |
| 264 | 1 |
_aGrand Rapids, Michigan : _bBaker Book House, _c1995. |
|
| 300 |
_a174 páginas ; _c19 centímetros |
||
| 336 |
_atext _2rdacontent |
||
| 337 |
_aunmediated _2rdamedia |
||
| 338 |
_avolume _2rdacarrier |
||
| 504 | _aIncluye bibliografía. | ||
| 505 | 0 | _aThe nature of biblical numbers -- The structure and syntax of biblical numbers -- The conventional use of numbers -- The rethorical use of numbers -- The symbolic use of numbers. | |
| 526 | _aSEG42 | ||
| 526 | _aSEG41 | ||
| 526 | _aSEG40 | ||
| 526 | _aSEG39 | ||
| 526 | _aP94 | ||
| 526 | _aP87 | ||
| 526 | _aP86 | ||
| 526 | _aP85 | ||
| 526 | _aP77 | ||
| 526 | _aP76 | ||
| 526 | _aP35 | ||
| 650 | 0 | 4 | _aNumerología en la biblia - estudio. |
| 910 |
_ajck _bjvq _cjck |
||
| 942 |
_2ddc _cBOOK |
||
| 949 |
_a220.68 D32 _wDEWEY _c1 _i42428 _d2016-4-11 _e2016-4-6 _lCCODEBUL1 _mBUL _n3 _r0 _sY _tBOOK _u2015-6-16 _xTEOLOGIA _zUNKNOWN _0COMPRA _o.STAFF. Colección Teología |
||
| 994 |
_aC0 _bPEPRU |
||
| 596 | _a1 | ||
| 999 |
_a220.68 D32 _wDEWEY _c60266 _i42428 _d60266 _e2016-4-6 _f2021-11-9 _g5 _lCCODEBUL1 _mBUL _n3 _p40.00 _q1 _r0 _sY _tBOOK _u2015-6-16 _xTEOLOGIA _PP35 _0COMPRA _o.STAFF. Colección Teología |
||
| 980 |
_81 _gALBERTO SANCHEZ Responsable de Automatización |
||